000 00303nam a2200133Ia 4500
005 20260326235456.0
008 260326s9999||||xx |||||||||||||| ||und||
100 _aSuma, Stefania
245 0 _aGae Aulenti /
_cStefania Suma
260 _bMotta
300 _a119 p.
650 _aARQUITECTOS
942 _cBK
999 _c7935
_d7935